000 00584nam a2200217 a 4500
999 _c1096
_d1096
008 191125r19762011xxua|||g |||| 00| 0 eng d
020 _a9780070993600
040 _aKO
_beng
041 0 _aeng
044 _axxu
082 0 4 _223
_a155.25
_bH9399
100 1 _aHurlock, Elizabeth B.
245 1 0 _aPersonality Development /
_cElizabeth B. Hurlock
260 _aNew York :
_bTata McGraw-Hill ,
_c1976, reprinted 2011
300 _aviii, 503 p. :
_bill. ;
_c23 cm
504 _aIncludes Index.
650 0 _aPersonality development
904 _aA_BOSE
942 _cBK